• 首页
  • 本馆介绍
  • 公告通知
  • 最新文献
  • 馆藏检索
  • 电子资源
  • 读者荐购
  • 参考咨询
  • CALIS
  • 我的图书馆
  • 登录
  • 详细信息显示
  • 放入我的书架
  • 预约/预借图书
  • 作者相关作品
  • 分类相关作品
  • 丛书相关作品
  • 出版社相关作品

书目信息

  • 表格格式
  • 工作单格式
  • 卡片格式
题名:
清晨
    
 
作者: 桑贝, 著 ;秋杉 译
分册:  
出版信息: 北京   中信出版社  2003.01
页数: 103页
开本: 19cm
丛书名: 法国绘本大师桑贝经典系列
单 册:
中图分类: J238.2
科图分类:
主题词: 漫画--man hua--法国--现代
电子资源:
ISBN: 7-80073-629-6
 
 
 
 
 
000 01035nam 2200277 450
001 012008898797
005 20080315085250.01
010    @a7-80073-629-6@dCNY23.00
100    @a20080315d2003 km y0chiy0120 ea
101 1  @achi@cfre
102    @aCN@b110000
105    @aa t 000yy
106    @ar
200 1  @a清晨@Aqing chen@d= De bon matin@f(法) 让-雅克·桑贝编著@F(fa)rang-ya ke·sang bei bian zhu@g秋杉译者@Gqiu shan yi zhe@zfre
210    @a北京@c中信出版社@d2003.01
215    @a103页@c图@d19cm
225 2  @a法国绘本大师桑贝经典系列@Afa guo hui ben da shi sang bei jing dian xi lie
330    @a本书所描绘的是梦与醒的交界, 那是意志和欲念、希望与失落共生的时间, 那些意识流动的画面和晦暗的情调剥离出的人, 也许离我们的灵魂更近。
410  0 @12001 @a法国绘本大师桑贝经典系列
510 1  @aDe bon matin@zfre
606 0  @a漫画@Aman hua@y法国@z现代
690    @aJ238.2@v4
701  1 @a桑贝,@Asang bei,@b让-雅克@4著
702  0 @a秋杉@Aqiu shan@4译
801  0 @aCN@bQSSK@c20080315
905    @b20284176-78@dJ238.2@eS031@f3
    
    清晨= De bon matin/(法) 让-雅克·桑贝编著/秋杉译者.-北京:中信出版社,2003.01
    103页:图;19cm.-(法国绘本大师桑贝经典系列)
    
    
    ISBN 7-80073-629-6:CNY23.00
    本书所描绘的是梦与醒的交界, 那是意志和欲念、希望与失落共生的时间, 那些意识流动的画面和晦暗的情调剥离出的人, 也许离我们的灵魂更近。
●
相关链接 在E读中查询图书 在当当中查询图书 在豆瓣中查询图书


正题名:清晨     索取号:J238.2/S031         预约/预借

序号 登录号 条形码 馆藏地/架位号 状态 备注
1 284176   202841764   社科库309/309社科库 78排3列4层/ [索取号:J238.2/S031] 在馆    
2 284177   202841773   社科库309/309社科库 78排3列4层/ [索取号:J238.2/S031] 在馆    
3 284178   202841782   社科库309/309社科库 78排3列4层/ [索取号:J238.2/S031] 在馆    
河南城建学院图书馆 欢迎您!
大连网信软件有限公司© 版权所有